1857 : (Record no. 147785)

MARC details
000 -LEADER
fixed length control field 00582nam a22001937a 4500
005 - DATE AND TIME OF LATEST TRANSACTION
control field 20171128150714.0
010 ## - LCCN (DPL NO)
LC control number ENG-121631
020 ## - INTERNATIONAL STANDARD BOOK NUMBER
International Standard Book Number 9789381234242
Terms of availability 495.00
035 ## - SYSTEM CONTROL NUMBER
System control number EN-105163
037 ## - SOURCE OF ACQUISITION
Source of stock number/acquisition DBAD/PUB
082 ## - DEWEY DECIMAL CLASSIFICATION NUMBER
Classification number 954.083
100 ## - MAIN ENTRY--PERSONAL NAME
Personal name Verma,Mohan
245 ## - TITLE STATEMENT
Title 1857 :
Statement of responsibility, etc by Mohan Verma
Remainder of title a great rebellion /
260 ## - PUBLICATION, DISTRIBUTION, ETC. (IMPRINT)
Place of publication, distribution, etc Delhi
Name of publisher, distributor, etc Ankit Publications
Date of publication, distribution, etc 2013
270 ## - ADDRESS
Address R-69, 3rd floor,Model Town-III
City Delhi
Postal code 110009
300 ## - PHYSICAL DESCRIPTION
Extent 270p.:
Dimensions 22cm(pbk)
Other physical details ill.(maps)
500 ## - GENERAL NOTE
General note Includes bibliographical references
942 ## - ADDED ENTRY ELEMENTS (KOHA)
Source of classification or shelving scheme Dewey Decimal Classification
Item type English Books
Call number suffix VER
Classification part 954.083
Holdings
Withdrawn status Lost status Not for loan Collection code Home library Current library Date acquired Source of acquisition Cost, normal purchase price Full call number Barcode Copy number Cost, replacement price Koha item type
      Non-fiction Patel Nagar Patel Nagar 27/11/2017 DBAD/PUB 495.00 954.083 VER EN-105163 1 495.00 English Books

© Delhi Public Library
Hit Counter
free hit counter